| 000 | 01759nam a2200445 i 4500 | ||
|---|---|---|---|
| 001 | 14806 | ||
| 003 | KOSZ 005 | ||
| 005 | 20191123115140.0 | ||
| 008 | 191123s1972 pl a f 000 0 pol | ||
| 015 | _aPB 1972/9027 | ||
| 035 | _a991034554959705066 | ||
| 035 | _a(PL-WaBN)b19303270-48omnis_nlop | ||
| 035 | _ab19303270 | ||
| 035 | _a(OCoLC)838869816 | ||
| 035 | _a(PL)b0000001930327 | ||
| 035 | _a(EXLNZ-48OMNIS_NETWORK)9910477260105606 | ||
| 040 |
_aWA N _cWA N _dKOSZ 005/RW |
||
| 046 | _k1972 | ||
| 080 | _a621.314 | ||
| 100 | 1 |
_aLenart, Bolesław _d(1914-2002) _eAutor |
|
| 245 | 1 | 0 |
_aProstowniki stabilizowane / _cBolesław Lenart. |
| 260 |
_aWarszawa : _bWydawnictwo Ministerstwa Obrony Narodowej, _c1972. |
||
| 300 |
_a415, [1] stron : _bilustracje, errata ; _c25 cm. |
||
| 336 |
_aTekst _btxt _2rdacontent |
||
| 337 |
_aBez urządzenia pośredniczącego _bn _2rdamedia |
||
| 338 |
_aWolumin _bnc _2rdacarrier |
||
| 380 | _aKsiążki | ||
| 380 | _aPublikacje fachowe | ||
| 380 | _aPublikacje dydaktyczne | ||
| 388 | _a1901-2000 | ||
| 504 | _aBibliografia na stronie [416]. | ||
| 521 | 8 | _aKsiążka przeznaczona jest w zasadzie jako pomoc naukowa dla studentów uczelni technicznych o kierunku elektrycznym. Będzie ona jednak również pożyteczna dla inżynierów i techników zajmujących się profesjonalnie problemami zasilania urządzeń radioelektronicznych. | |
| 650 | 7 |
_aProstowniki _2DBN |
|
| 650 | 7 | _aStabilizatory napięcia | |
| 658 | _aInżynieria i technika | ||
| 710 | 2 |
_aWydawnictwo Ministerstwa Obrony Narodowej _4pbl |
|
| 856 |
_uhttp://koha.tu.koszalin.pl/cgi-bin/koha/opac-detail.pl?biblionumber=14806 _yKatalog online BPK |
||
| 942 |
_2UKD _cKS |
||
| 999 |
_c14806 _d14806 |
||